Statistiques concernant Pays du printemps arabe

Cliquez ici pour prendre le quiz!

Statistiques générales

  • Ce quiz a été pris 9 815 fois
  • Le résultat moyen est 4 sur 5

Statistiques - réponses

Pays% Correct
Égypte
92%
Tunisie
83%
Libye
82%
Syrie
75%
Yémen
53%

Distribution des résultats

Percentile par nombre de réponses

% des personnes avec chaque résultat

Votre développement - résultats

Vous n’avez pas pris ce quiz